000 00651nam a2200193Ia 4500
005 20230121104209.0
008 210716s2013 xx 000 0 und d
020 _a9781259003660
040 _cAIMIT LIBRARY
041 _aeng
082 _a153.94
_23
_bTHOE
100 _aThorpe, Edgar.
_969570
245 _aCourse in mental ability and quantitative aptitude :
_bFor competitive examinations /
_cBy Edgar Thorpe
250 _a3rd ed.
_bMcGraw Hill Education
260 _aNew Delhi :
_bTata Mc Graw Hill Publishing Company ,
_c2013.
300 _ax,963p. ;
_bPB :
_c23 cm.
650 _aAptitude Test
_969571
942 _2ddc
_cBK
_e3rd
_k153.94 THOE
999 _c193173
_d193173